Relevance of models for social anthropology (Record no. 19093)
[ view plain ]
| 000 -LEADER | |
|---|---|
| fixed length control field | 00491nam a2200181Ia 4500 |
| 082 ## - DEWEY DECIMAL CLASSIFICATION NUMBER | |
| Classification number | 302 REL; |
| 245 #0 - TITLE STATEMENT | |
| Title | Relevance of models for social anthropology |
| 260 ## - PUBLICATION, DISTRIBUTION, ETC. (IMPRINT) | |
| Place of publication | London |
| Name of publisher | Tavistock Publications |
| Year of publication | 1965 |
| 300 ## - PHYSICAL DESCRIPTION | |
| Number of Pages | xL, 238p. |
| 650 ## - SUBJECT ADDED ENTRY--TOPICAL TERM | |
| Topical Term | China - Ethnic relations |
| 650 ## - SUBJECT ADDED ENTRY--TOPICAL TERM | |
| Topical Term | Ethnicity - China |
| 650 ## - SUBJECT ADDED ENTRY--TOPICAL TERM | |
| Topical Term | Ethnology - China |
| 650 ## - SUBJECT ADDED ENTRY--TOPICAL TERM | |
| Topical Term | Social anthropology |
| 650 ## - SUBJECT ADDED ENTRY--TOPICAL TERM | |
| Topical Term | China - Social conditions |
| 650 ## - SUBJECT ADDED ENTRY--TOPICAL TERM | |
| Topical Term | Sociology - China |
| 700 ## - ADDED ENTRY--PERSONAL NAME | |
| Personal name | Banton, Michael |
| 942 ## - ADDED ENTRY ELEMENTS (KOHA) | |
| Koha item type | Books |
| Withdrawn status | Lost status | Damaged status | Not for loan | Home library | Current library | Date acquired | Full call number | Accession Number | Price effective from | Koha item type |
|---|---|---|---|---|---|---|---|---|---|---|
| NASSDOC Library | NASSDOC Library | 08/06/2004 | 302 REL; | 923 | 18/04/2019 | Books |
